000
00309pam a2200109a 44500
008
230405s1967 xxu||||| |||| 00| 0 eng d
041
_a
ENG
100
_a
LORD HORDER
245
_a
THE BRITISH ENCYCLOPADIA OF MEDICAL PRACTICE MEDICAL PROGRESS
260
_a
_b
JOHN WILLY & SONS NEW YORK
_c
1967
906
_a
5215
999
_c
280486
_d
280486